000 00484nam a2200229Ia 4500
005 20251020182518.0
008 200515s9999 xx 000 0 und d
020 _a84-96429-28-8
082 _a687.531/I59
100 _aMinguet, José María
245 0 _aSpas en casa
260 _aBarcelona
260 _bMonsa
260 _c2005
300 _bil.
500 _a1 ejemplar
650 _aCASA
650 _aESPACIOS
650 _aSPA
942 _cLIB
999 _c1661
_d1661